000 01653cam a2200133 4500500
005 20260405085552.0
041 _afre
042 _adc
100 1 0 _aFeller, Laurent
_eauthor
245 0 0 _aÉglise et société en Occident : VIIe-XIe siècle
260 _bArmand Colin,
_c2009.
520 _aEntre le début du VIIe siècle et les années 1050 se joue la christianisation de l’Europe occidentale et se jettent les fondations de sa culture, en même temps que se construisent les sociétés qui l’occupent. L’Église organise à partir du VIIe siècle la conquête des esprits. Appuyée par les différentes royautés, son action missionnaire est efficace : saint Colomban ou saint Boniface illustrent ainsi cette période. À partir du VIIIe siècle, l’heure est à la réforme de l’Église institution afin d’assurer celle de la société tout entière : c’est le but que se fixe Charlemagne et que ses descendants ont tenté de remplir. Le mouvement de rénovation donne lieu à une profonde renaissance culturelle qui permet la réapparition de la réflexion savante en Occident. Malgré l’échec politique des Carolingiens, les programmes élaborés au Xe siècle ne sont pas pour autant abandonnés. Ils trouvent d’autres relais pour leur diffusion, leur approfondissement et leur mise en œuvre. Le mouvement monastique assure à l’Église les moyens de son action, tandis que la papauté, avec l’appui des empereurs germaniques, ouvre la voie au grand ébranlement de la réforme grégorienne.
856 4 1 _uhttps://shs.cairn.info/eglise-et-societe-en-occident--9782200355876?lang=fr&redirect-ssocas=7080
999 _c2198617
_d2198617